Szczegóły MARC21

Strategia realizacji kształcenia zintegrowanego z potrzebami rynku pracy w UTH w obszarze logistyka : wytyczne programowe dla kadry /

005 -DATA I CZAS OSTATNIEJ MODYFIKACJI [,]
    • @
    • pole kontrolne
    • 20201021100831.0
040 -Instytucja sporządzająca opis [ , ]
    • a
    • Instytucja, która sporządziła opis (NP)
    • WA CHODKOWSKA
    • c
    • Instytucja, która sporządziła rekord (NP)
    • WA CHODKOWSKA
942 -Rodzaj dokumentu [ , ]
    • c
    • Rodzaj dokumentu
    • Książka
995 -Działy [ , ]
    • a
    • Dział
    • Logistyka (LOGISTICS) Find
999 -Rekord powiązany [ , ]
    • a
    • Nr Libry
    • DH
245 -Strefa tytułu i oznaczenia odpowiedzialności [0,0]
    • a
    • Tytuł
    • Strategia realizacji kształcenia zintegrowanego z potrzebami rynku pracy w UTH w obszarze logistyka : Find
    • b
    • Ciąg dalszy tytułu (NP)
    • wytyczne programowe dla kadry /
    • c
    • Pozostałe elementy strefy tytułu i oznaczenia odpowiedzialności (NP)
    • oprac. Ilona Jacyna-Gołda, Paweł Gołda ; konsultacje Marianna Jacyna, Dariusz Pyza.
260 -Strefa adresu wydawniczego [ , ]
    • a
    • Miejsce wydania (P)
    • Warszawa :
    • b
    • Nazwa wydawcy (P)
    • Uczelnia Techniczno-Handlowa im. Heleny Chodkowskiej,
    • c
    • Data wydania (P)
    • 2014.
700 -Hasło dodatkowe - nazwa osobowa [1, ]
    • a
    • Nazwa osobowa (NP)
    • Jacyna-Gołda, Ilona. Find
    • e
    • Określenie rodzaju współpracy (NP)
    • Red.
700 -Hasło dodatkowe - nazwa osobowa [1, ]
    • a
    • Nazwa osobowa (NP)
    • Gołda, Paweł. Find
    • e
    • Określenie rodzaju współpracy (NP)
    • Red.
700 -Hasło dodatkowe - nazwa osobowa [1, ]
    • a
    • Nazwa osobowa (NP)
    • Jacyna, Marianna. Find
    • e
    • Określenie rodzaju współpracy (NP)
    • Konsultacje.
700 -Hasło dodatkowe - nazwa osobowa [1, ]
    • a
    • Nazwa osobowa (NP)
    • Pyza, Dariusz. Find
    • e
    • Określenie rodzaju współpracy (NP)
    • Konsultacje.
300 -Strefa opisu fizycznego [ , ]
    • a
    • Określenie formy książki i/lub objętość (NP)
    • 48 s ;
    • c
    • Format (NP)
    • 30 cm.
710 -Hasło dodatkowe - nazwa ciała zbiorowego [2, ]
    • 4
    • Relator code
    • pbl
    • a
    • Nazwa ciała zbiorowego lub nazwa geograficzna jako pierwszy element (NP)
    • Uczelnia Techniczno-Handlowa im. Heleny Chodkowskiej w Warszawie.
504 -Uwaga dot. bibliografii załącznikowej [ , ]
    • a
    • Uwaga dot. bibliografii załącznikowej
    • Bibliogr. s. 48.
692 -Pole lokalne - słowa kluczowe [ , ]
    • x
    • Deskryptor
    • Rynek pracy
692 -Pole lokalne - słowa kluczowe [ , ]
    • x
    • Deskryptor
    • Logistyka
692 -Pole lokalne - słowa kluczowe [ , ]
    • x
    • Deskryptor
    • Kształcenie
Status udost. Sygnatura Numer inwentarzowy Kierowanie
-3Logistyka.STRG.51647WY
-3Logistyka.STRG.51648WYP